• 首页
  • 本馆介绍
  • 公告通知
  • 最新文献
  • 馆藏检索
  • 电子资源
  • 读者导购
  • 参考咨询
  • 我的图书馆
  • 登录
  • 详细信息显示
  • 放入我的书架
  • 预约/预借图书
  • 作者相关作品
  • 分类相关作品
  • 丛书相关作品
  • 出版社相关作品

书目信息

  • 表格格式
  • 工作单格式
  • 卡片格式
题名:
藏书组织学概要
    
 
作者: 吴唏 著
分册:  
出版信息: 北京   北京大学出版社  1987
页数: 131页
开本: 20cm
丛书名:
单 册:
中图分类: G253.5
科图分类:
主题词: 馆藏管理
电子资源:
ISBN:
000 00595nam0 2200229 45
001 0187002298
005 20041207154430.3
010    @dCNY1.10
091    @a7209.24
100    @a19900808d1987 k y0chiy0121 ea
101 0  @achi
102    @aCN@b110000
105    @ay z 000yy
200 10 @a藏书组织学概要@Acang shu zu zhi xue gai yao@f吴唏著@FWu Xi Zhu
210    @a北京@c北京大学出版社@d1987
215    @a131页@d20cm
606    @a馆藏管理
690    @aG253.5@v3
701  0 @a吴唏@4著
801  0 @aCN@b深圳图书馆@c20040425
801  2 @aCN@bNLC@c20040425
905    @dG253.5@e32@f1@b208740
    
    藏书组织学概要/吴唏著.-北京:北京大学出版社,1987
    131页;20cm
    
    
    ISBN :CNY1.10
    
●
相关链接 在E读中查询图书 在五车中查询图书 在当当中查询图书 在豆瓣中查询图书


正题名:藏书组织学概要     索取号:G253.5/32         预约/预借

序号 登录号 条形码 馆藏地/架位号 状态 备注
1 0208738   000502753   密集书库/ [索取号:G253.5/32] 在馆    
2 0208739   000502744   密集书库/ [索取号:G253.5/32] 在馆    
3 0208740   000502762   第四借阅区/ [索取号:G253.5/32] 在馆    
4 0208741   001997423   密集书库/ [索取号:G253.5/32] 在馆    
5 0208742   000502735   第一样本阅览室/ [索取号:G253.5/32] 在馆    
唐山师范学院图书馆 欢迎您!
大连网信软件有限公司© 版权所有